Statistics for Multiple Choice General Knowledge #2

Click here to take the quiz!

General Stats

  • This quiz has been taken 13,480 times
  • The average score is 11 of 16

Answer Stats

Question Answer % Correct
What is Times New Roman?A font
93%
Who is Jamie Oliver?A celebrity chef
86%
What is taxidermy?The art of stuffing animal remains for display
86%
Where would you be most likely to see an epitaph?On a tombstone
84%
Does a piano have more white keys or black keys?White keys
84%
Which of these islands is furthest south?Trinidad
74%
Are women required by law to wear headscarves in Iran?Yes
73%
Which of these is furthest from the sun?Saturn
71%
Which of the following is NOT a type of cheese?Kalamata
71%
What famous book did Marie Kondo write?The Life-Changing Magic of Tidying Up
63%
Is the original Shangri-La a real place or a fictional one?Fictional
62%
Where would you find the Spanish Steps?Rome
61%
Which of these colors is closest to chartreuse?Yellow green
45%
What is the title of the rock song that starts "Jeremiah was a bullfrog"?Joy to the World
42%
Which of the following is a portmanteau?Brunch
41%
Which of these words is spelled incorrectly?Cemetary
32%

Score Distribution

Percentile by Number Answered

Percent of People with Each Score

Your Score History

You have not taken this quiz